Australian State and Territory Flags - Statistics

General Stats
  • This quiz has been taken 100 times
  • The average score is 7 of 8
Answer Stats
Picture Answer % Correct
New South Wales
96%
Tasmania
91%
Northern Territory
87%
Queensland
87%
Australian Capital Territory
83%
South Australia
81%
Western Australia
81%
Victoria
79%
No matching quizzes found
Score Distribution
Percent of People with Each Score
Percentile by Number Answered
Your Score History
You have not taken this quiz